Artilharia da Liga dos Campeões 2017/18 - Statistics

Estatísticas Gerais
  • Esse quiz foi jogado 169 vezes
  • A pontuação média é 9 de 10
Estatísticas das Respostas
Nacionalidade Jogador Gols Clube % Correto
Português Cristiano Ronaldo 15 Real Madrid
100%
Brasileiro Neymar 6 PSG
100%
Egípcio Salah 10 Liverpool
100%
Inglês Kane 7 Tottenham
99%
Senegalês Mané 10 Liverpool
99%
Argentino Messi 6 Barcelona
98%
Uruguaio Cavani 7 PSG
97%
Brasileiro Firmino 10 Liverpool
97%
Bósnio Dzeko 8 Roma
77%
Francês Ben Yedder 8 Sevilla
45%
Nenhum quiz correspondente encontrado
Distribuição das Pontuações
Porcentagem de Pessoas com Cada Pontuação
Percentil de Números Respondidos
Sua Pontuação Histórica
Você não jogou esse quiz